MDQL
is popping MORE tags! Check the
thread
!
Quizzes
Events
Quiz Creation
Community
Videos
Private Events
Remove Ads
Sign In
Join for FREE
Feedback
Dark Mode
Quiz Categories
Sports
Geography
Music
Movies
Television
Just For Fun
Miscellaneous
History
Literature
Language
Science
Gaming
Entertainment
Religion
Holiday
For Kids
Quiz Lab
Recent
Popular Today
Quiz Kudos Today
Editor Picks
Curator Picks
Quizzes by...
Day
Popularity
Type
Ratings
Length
Year
Community
Subscriptions
Recent Discussions
Orange Saloon
Badges
Playlists
Quests
Create
Leaderboards
Showdown
Live 5
Trivia Bingo
Activity
Puzzle Library
Sporcle Events
Private Events
Virtual Trivia
Globe League
Become a Host
Pub Owners
SporcleCon
Opinionation
Our Games
Videos
Blog
Mobile Apps
Partnerships
Remove Ads and Go Orange
Feedback
Entertainment
Celebrity
Famous
Musical
Broadway
Show
Quote
Comic Books
Anime
Superhero
DC Comics
Marvel
Cartoons
Animation
Entertainment
Celebrity
Famous
Musical
Broadway
Show
Quote
Comic Books
Anime
Superhero
DC Comics
Marvel
Cartoons
Animation
Random Quiz
Search Sporcle
×
Quiz Lab
Quiz Lab
Entertainment
mind
Type in answers that appear in a list
Type in answers that appear in a list
Classic
Best Score? Go Orange.
Criminal Minds Stats
Can you name the character?
By
NickB2288
10m
20 Questions
148 Plays
148 Plays
148 Plays
Comments
Comments
Give Quiz Kudos
Give Quiz Kudos
-
- Ratings
hide this ad
Forced Order
Answers have to be entered in order
Answers have to be entered in order
Replay
Link that replays current quiz
Next Quiz
Link to next quiz in quiz playlist
You Got
0%
They Got
Avg Score
74%
Avg Friend Score
Upgrade to see
Score Distribution
Jump to the score distribution portion of the page
Score
0/20
Timer
10:00
0
Plays Today
Hint
Person
% Correct
Jack's Father, Unit Chief
Aaron Hotchner
99.3%
Smart as f**k
Spencer Reid
99.3%
Derek's 'Babygirl'
Penelope Garcia
99.3%
African-
American, Father was a cop
Derek Morgan
96.6%
Henry's Mom
J.J.
95.3%
Has 3 ex-
wifes
David Rossi
92.6%
Faked her death
Emily Prentiss
82.4%
Left Reid a note as he left the BAU
Jason Gideon
82.4%
Newest Member of Team
Alex Blake
73.6%
Garcia's on-
again, off-
again boyfriend
Kevin Lynch
73.6%
Hint
Person
% Correct
Aaron's ex-
wife
Haley Hotchner
73%
Reid's mom
Diana Reid
71.6%
Father was a serial killer
Ashley Seaver
70.3%
Killed Haley, Hotch's arch-
enemy
George Foyet
68.9%
Arrested on Vacation
Elle Greenaway
68.2%
Emily's arch-
enemy
Ian Doyle
66.9%
Abducted Reid
Tobias Hankel
54.1%
Aaron's new girlfriend
Beth Clemmons
44.6%
Reid's girlfriend who died
Maeve Donovan
40.5%
J.J.'s husband
Will LaMontagne Jr.
31.8%
Quiz Playlist
Details
Report
Send in Message
Add To Playlist
Classic:
Type in answers that appear in a list
Forced Order:
Answers have to be entered in order
Last Updated: Feb 16, 2017
Quiz Scoreboard
CHALLENGE
Sign Up to Join the Scoreboard
Show All
Scores
Hide
Comments
May contain spoilers
Recently Published
Two Season TV Shows II
by 123Four
Television
10m
Image Sorting: Flags VI
by Barbecue
Geography
2m
Find the 'City' Movie
by crazypaving
Movies
60s
More to Explore
Quiz From the Vault
Featured Blog Post
14 Easter Pick-up Lines to Find Eggs With
hide this ad
You Might Also Like...
Tags
Character
criminal
mind
Person
Today's Top Quizzes in Entertainment
Browse Entertainment
hide this ad
Today's Top Quizzes in mind
Browse mind
Top Contributed Quizzes in Entertainment
1
Marvel Classic Character Map
2
Movie-Themed Roller Coasters
3
Dragon Ball Z: Goku's Fights in Order
4
Marvel Characters Bunker
5
Sorting Pictures: Villains
6
Who stole Onew's chicken? (KPOP LOGIC QUIZ)
7
Haikyuu Logic Quiz
8
Celebrity Spelling Bee
9
JoJo's Bizarre Logic Quiz
10
Harry Styles-Are you no.1 fan
Explore More
Trending Topics
Crossword
Disney
Harry Potter
Kpop
Anime
NBA
Marvel
NFL
Country
Song
Soccer
WWE
Pokémon
Puzzle
The Office
hide this ad
More By:
NickB2288
Quiz
Plays
Rating
Category
Featured
Created
Degrassi Characters Old/New
379
2.00
Television
May 11, 2013
Criminal Minds
148
Entertainment
Feb 1, 2013
Go to Creator's Profile
Score Distribution
Quiz Creator Spotlight
NickB2288
Follow
Send a Message
Quizzes Created
-
Created Quiz Play Count
-
More By This Creator
Popular Quizzes Today
1
Find the US States - No Outlines Minefield
2
Colored Red Africa Blitz
3
Find the 'City' Movie
4
5x2 Blitz: Bands
5
The Countries of the World
6
Find the Countries of Europe - No Outlines Minefield
7
Find the US States
8
US States
More Entertainment Quizzes
90's X-Men Picture Find
Quiz Lab
Trending Quizzes
Colored Red Europe Blitz I
Colored Red Africa Blitz II
Colored Red Europe Blitz II
Even More Two Season TV Shows
Colored Red Africa Blitz III
Recently Updated
March Madness Men's Triple Doubles
pecheneg
How Do You Spell That?
pecheneg
Godzilla Movies
pecheneg
Grab Bag: 4-10 Letters
pecheneg
2024 March Madness Bracket
pecheneg
Famous TV Couples
Peacemaker
Champions League XIs: Real Madrid
pecheneg
Largest US Cities 1790-2010
pecheneg
Rides in Walt Disney World
pecheneg
Most Oscar Losses (Acting)
pecheneg
Trending Topics
Crossword
Anime
Kpop
Disney
Marvel
Harry Potter
NBA
Country
Song
Pokémon
Puzzle
Soccer
The Office
WWE
NFL
Your Account Isn't Verified!
In order to create a playlist on Sporcle, you need to verify the email address you used during registration. Go to your
Sporcle Settings
to finish the process.
Report this User
Report this user for behavior that violates our
Community Guidelines
.
Details:
Send Report
Go to the Sporcle.com Mobile Site →
Comments